000 01055nam a2200277 i 4500
001 114985
003 ES-MaACL
005 20260315204633.0
007 t|
008 070214s1928 sp ||||1| spa d
080 _a840-22"19"
100 1 _aNatanson, Jacques.
_984985
245 1 3 _aEl automóvil del Rey
_b: comedia en tres actos /
_cNatanson y Orbok ; en colaboración con J.J. Cadenas y E.F. Gutierraz-Roig ; dibujos de Barbero.
260 _aMadrid :
_bRivadeneyra,
_c1928.
300 _a66 p. :
_bil. ;
_c17 cm.
490 1 _aLa Farsa ;
_v64
500 _aEstrenada con gran éxito en el Teatro Lara, de Madrid, el día 25 de octubre de 1928.
500 _aCubierta de este número: Pedro Crespo, inmortalizado por Calderón de la Barca en El Alcalde de Zalamea.
700 1 _aOrbok, A. M.
_987159
700 1 _aCadenas, José Juan.
_933383
700 1 _aGutiérrez-Roig, Enrique F.
_961218
700 0 _aAlonso
_c(ilustrador)
_920301
830 0 _aLa Farsa ;
_v64
_9185863
852 _aES-MaACL
_jC-13189
999 _c114985
_d114985